|
|
|
|
| LEADER |
01143cam a2200361 7i4500 |
| 001 |
0000011573 |
| 005 |
20191014090000.0 |
| 005 |
##20191014121600.0 |
| 003 |
##MY-KlINT |
| 008 |
201511t20032003nyu g 000 0 eng d |
| 020 |
# |
# |
|a 0071416412
|
| 020 |
# |
# |
|a 9780071416412
|
| 039 |
# |
9 |
|a 201910141216
|b Amir
|c 201910141120
|d rozila
|y 201511041129
|z VLOAD
|
| 040 |
# |
# |
|a BK
|
| 082 |
0 |
0 |
|a 302
|
| 090 |
0 |
0 |
|a 658.3145
|b BRI
|
| 090 |
0 |
0 |
|a 302
|b BRI
|
| 100 |
1 |
# |
|a Brinkman, Rick
|e author
|
| 245 |
1 |
0 |
|a Dealing with Difficult People :
|b 24 Lessons for Bringing Out the Best in Everyone /
|c RICK BRINKMAN, RICK KIRSCHNER.
|
| 264 |
# |
0 |
|c ♭2003
|
| 264 |
# |
0 |
|a New York
|b McGRAW-HILL
|c [2003]
|
| 300 |
# |
# |
|a ix, 48 pages;
|c 22cm.
|
| 336 |
# |
# |
|a text
|2 rdacontent
|
| 337 |
# |
# |
|a unmediated
|2 rdamedia
|
| 338 |
# |
# |
|a volume
|2 rdacarrier
|
| 490 |
0 |
# |
|a McGraw-Hill Professional Education
|
| 583 |
# |
# |
|a LULUS
|
| 650 |
# |
0 |
|a Conflict Management
|
| 650 |
# |
0 |
|a Interpersonal conflict
|
| 650 |
# |
0 |
|a Work --
|x Psychological aspects
|
| 650 |
# |
0 |
|a Interpersonal communication
|
| 700 |
0 |
# |
|a Kirschner, Rick
|
| 999 |
|
|
|a 0000057672
|b BOOK
|c Main Non-Fiction
|e INTAN BK
|